000 00301nam a22001337a 4500
008 171018b xxu||||| |||| 00| 0 eng d
020 _a9780136000372
041 _aeng
080 _25TH
_a338
100 _a53
101 _aMEN
245 _aSTRATEGIC COMPENSATION
_cMARTOCCHIO,J,J
942 _2udc
_cBK
999 _c34671
_d34671